Serbia in the Eurovision Song Contest - Statistics

General Stats
  • This quiz has been taken 30 times
    3 since last reset
  • The average score is 8 of 18
Answer Stats
Answer % Correct
In corpore sano
100%
Mila (Мила)
100%
Samo mi se spava (Само ми се спава)
100%
Beauty Never Lies
50%
Goodbye (Shelter)
50%
In Too Deep
50%
Kraj mene (Крај мене)
50%
Kruna (Круна)
50%
Loco loco
50%
Molitva (Молитва)
50%
Oro (Оро)
50%
Ramonda (Рамонда)
50%
Čaroban (Чаробан)
0%
Cipela (Ципела)
0%
Ljubav je svuda (Љубав је свуда)
0%
Nije ljubav stvar (Није љубав ствар)
0%
Nova deca (Нова деца)
0%
Ovo je Balkan (Ово је Балкан)
0%
No matching quizzes found
Score Distribution
Percent of People with Each Score
Percentile by Number Answered
Your Score History
You have not taken this quiz since the last reset